Chancen und Risiken der EU-Erweiterung und der Reform der Gemeinsamen Agrarpolitik für die sächsische Land- und Ernährungswirtschaft Endbericht zum Forschungsvorhaben "Sektorale Auswirkungen der EU-Agrarpolitik auf die sächsiche Landwirtschaft unter Beachtung der Lage Sachsens neben zwei Beitrittskandidaten (Tschechische Republik und Polen)"

Bibliographic Details
Main Author: Balmann, Alfons (Author)
Format: Book
Language:German
PhysicalDescription:xvi, 301 s. grafy, mp., tab. 30 cm
Published: Dresden Sächsiche Landesanstalt für Landwirtschaft 2004
ISBN:(brož.)
Series:Schriftenreihe der Sächsischen Landesanstalt für Landwirtschaft Jg. 10, H. 3
Subjects:

MARC

LEADER 00000nam a2200000 a 4500
001 vtls008295993
003 SK-MaSNL
005 20260302003510.0
008 251124s2004 gw dbl f a 100 0 ger
020 |a (brož.) 
040 |a SNK  |b slo  |c SNK  |e AACR2 
041 0 |a ger  |b ger 
044 |a gw  |c DE 
072 7 |a 63  |x Poľnohospodárstvo a príbuzné oblasti vedy a techniky  |2 konspekt 
080 |a 63  |2 2001 
080 |a 338.43.02  |2 2001 
080 |a 339.922+327  |2 2001 
080 |a (430.246)  |2 2001 
080 |a (437.3)  |2 2001 
080 |a (438)  |2 2001 
080 |a (063)  |2 2001 
245 0 0 |a Chancen und Risiken der EU-Erweiterung und der Reform der Gemeinsamen Agrarpolitik für die sächsische Land- und Ernährungswirtschaft  |b Endbericht zum Forschungsvorhaben "Sektorale Auswirkungen der EU-Agrarpolitik auf die sächsiche Landwirtschaft unter Beachtung der Lage Sachsens neben zwei Beitrittskandidaten (Tschechische Republik und Polen)"  |c Alfons Balmann ... [et al.] 
246 3 4 |a EU-Ostweiterung und GAP-Reform 
260 |a Dresden  |b Sächsiche Landesanstalt für Landwirtschaft  |c 2004 
300 |a xvi, 301 s.  |b grafy, mp., tab.  |c 30 cm 
490 1 |a Schriftenreihe der Sächsischen Landesanstalt für Landwirtschaft  |v Jg. 10, H. 3 
546 |a Res. nem. 
650 0 7 |a poľnohospodárstvo  |2 SNKPH  |9 679 
650 0 7 |a poľnohospodárska politika  |2 SNKPH  |9 2210 
650 0 7 |a rozširovanie Európskej únie  |2 SNKPH  |9 3624 
651 7 |a Nemecko  |2 SNKPH  |9 21020 
651 7 |a Česko  |2 SNKPH  |9 16753 
651 7 |a Poľsko  |2 SNKPH  |9 16755 
651 7 |a Sasko (Nemecko)  |2 SNKPH  |9 212151 
655 7 |a zborníky konferencií  |2 SNKPH  |9 70153 
700 1 |a Balmann, Alfons  |4 aut  |9 642268 
810 2 |a Sächsische Landesanstalt für Landwirtschaft  |t Schriftenreihe der Sächsischen Landesanstalt für Landwirtschaft  |9 642269 
999 |c 992247  |d 994177 
952 |a SNK  |b SNK  |y VYP  |7 0  |p 17A0484855  |o snkIB 70980  |i snk2005/16626  |8 2  |g 16.50  |0 0  |1 0  |4 0  |d 2005-08-26  |l 0  |r 2026-02-24 11:53:16  |w 2026-02-24